Countries By Phonetic Puns - Statistics

General Stats
  • This quiz has been taken 50 times
  • The average score is 14 of 16
Answer Stats
Hint Answer % Correct
Yew Night It Kink Tom United Kingdom
100%
Naught Sea Germ Money Nazi Germany
98%
You Knighted Dates Of A Mayor Cup United States of America
98%
Lick Tins Time Liechtenstein
96%
Poor Seagull Portugal
96%
Shy Nah China
93%
So Be It Onion Soviet Union
93%
Ease Team Moore East Timor
91%
Eye Aura Lent Ireland
91%
Swing Sure Lend Switzerland
91%
Chore Done Jordan
89%
Jump Hand Japan
82%
Jump Eh Cup Jamaica
80%
Ken Oughta Canada
78%
Den More Cracked It Read Pup Lick Off Tonne Conk Coal Democratic Republic of the Congo
78%
Money Coal Lay Up Mongolia
49%
No matching quizzes found
Score Distribution
Percent of People with Each Score
Percentile by Number Answered
Your Score History
You have not taken this quiz